[Event "Wroclaw Anderssen Memorial op-C"]
[Site "Wroclaw"]
[Date "2023.??.??"]
[Round "9"]
[White "Trusewicz, Jakub"]
[Black "Kazubski, Kacper"]
[Result "1/2-1/2"]
[WhiteElo "1216"]
[BlackElo "1341"]
[PlyCount "61"]
[EventDate "2023.08.06"]
[EventType "swiss"]
[EventRounds "9"]
[EventCountry "POL"]
[SourceTitle "EXT 2024"]
[Source "ChessBase"]
[SourceDate "2023.10.10"]
[SourceVersion "1"]
[SourceVersionDate "2023.10.10"]
[SourceQuality "1"]

1. e4 c5 2. c3 d5 3. exd5 Qxd5 4. d4 e6 5. Nf3 Nf6 6. Bd3 cxd4 7. cxd4 Nc6 8. 0-0 Be7 9. Nc3 Qd8 10. h3 0-0 11. Be3 Nb4 12. Bc4 Nbd5 13. Bd2 a6 14. Bb3 b5 15. a3 Bb7 16. Rc1 Rc8 17. Qe2 Qb6 18. Qd3 Rfd8 19. Bc2 Nxc3 20. Bxc3 Be4 21. Qe2 Bxc2 22. Rxc2 Nd5 23. Rfc1 Rc7 24. Qd2 b4 25. axb4 Bxb4 26. Bxb4 Rxc2 27. Qxc2 Qxb4 28. Ra1 a5 29. Ne5 Qb6 30. Rc1 Nb4 31. Qe4 1/2-1/2

[Event "POL-ch U13 Qual"]
[Site "Jastrzebia Gora"]
[Date "2021.11.19"]
[Round "7"]
[White "Stanik, Szymon"]
[Black "Trusewicz, Jakub"]
[Result "1-0"]
[WhiteElo "1372"]
[BlackElo "1222"]
[PlyCount "53"]
[EventDate "2021.11.15"]
[EventType "swiss"]
[EventRounds "9"]
[EventCountry "POL"]
[SourceTitle "EXT 2023"]
[Source "ChessBase"]
[SourceDate "2022.10.05"]
[SourceVersion "1"]
[SourceVersionDate "2022.10.05"]
[SourceQuality "1"]

1. e4 c5 2. Nf3 g6 3. d4 cxd4 4. Qxd4 Nf6 5. Nc3 Nc6 6. Qa4 d6 7. e5 dxe5 8. Nxe5 Bd7 9. Nxd7 Qxd7 10. Be3 a6 11. Rd1 Qc7 12. g3 Bg7 13. Bg2 0-0 14. 0-0 Rad8 15. Bxc6 bxc6 16. Rxd8 Rxd8 17. Qxa6 Rc8 18. Rd1 Nd5 19. Nxd5 cxd5 20. c3 e6 21. a4 Rb8 22. Rd2 Bf6 23. a5 Kg7 24. Bb6 Qc6 25. h4 d4 26. Rxd4 Bd8 27. Rxd8 1-0